000 00693nam a2200289Ia 4500
005 20260324125106.0
008 008 260324s9999 xx 000 0 eng d
020 _a9781351179638
037 _aEBOOK
040 _aCRL
040 _beng
040 _cCRL
041 _2eng
041 _aeng
084 _qCRL
100 _aAuthor Nelson
_91176663
245 0 _aImpact Fees
245 0 _bPrinciples and Practice of Proportionate-Share Development Fees
260 _bTaylor and Francis
260 _c2009
365 _a
365 _b255
856 _uhttp://www.taylorfrancis.com/books/9781351179638
942 _cEBOOK
999 _c1771618
_d1771618